000 00328nam a22001337a 4500
008 170906b xxu||||| |||| 00| 0 eng d
020 _a9780073523019
041 _aeng
080 _24th
_a72
100 _a72
101 _aARK
245 _aMANAGERIAL ECONOMICS AND ORGANIZATIONAL ARCHITECTURE
_cBRICKELY,J,A
942 _2udc
_cBK
999 _c26392
_d26392